NATO Phonetic Alphabet in Pictures Quiz Stats

 Plays Quiz Updated Dec 13, 2017

Score 0/26 Timer 06:00
10 Plays Today
% Correct
Alfa
92.7%
Charlie
87.5%
Echo
82.5%
Golf
82%
Tango
81.2%
Whiskey
80.7%
X-ray
80.6%
Bravo
78.3%
Delta
76.2%
Lima
76.2%
Oscar
76.1%
Zulu
75.9%
Yankee
75.9%
% Correct
India
75.1%
Romeo
71.6%
Juliett
68.2%
Hotel
63.3%
Kilo
63.3%
Quebec
61.8%
Mike
59.4%
Victor
56.4%
November
53.4%
Uniform
52.5%
Sierra
47.1%
Papa
43.1%
Foxtrot
42.6%

You're not logged in!

Compare scores with friends on all Sporcle quizzes.
OR
Log In

You Might Also Like...

Show Comments

Extras

Top Quizzes Today


Score Distribution

Your Account Isn't Verified!

In order to create a playlist on Sporcle, you need to verify the email address you used during registration. Go to your Sporcle Settings to finish the process.

Report this User

Report this user for behavior that violates our Community Guidelines.

Details: